| 000 | 00390nam a22001697a 4500 | ||
|---|---|---|---|
| 005 | 20160514121316.0 | ||
| 008 | 160514b xxu||||| |||| 00| 0 eng d | ||
| 020 | _a81-203-2264-9 | ||
| 041 | _aeng | ||
| 082 | _b2173 | ||
| 100 |
_aGary Dessler _9616 |
||
| 245 | _aHuman Resource Management | ||
| 260 |
_aNew Delhi _bPHI, _c2004 |
||
| 300 | _a488 | ||
| 650 |
_aManagement _9241 |
||
| 942 | _cBK | ||
| 999 |
_c808 _d808 |
||